000 03153namaa2200541uu 4500
001 doab133806
003 oapen
005 20260218110502.0
006 m o d
007 cr|mn|---annan
008 240131s2024 xx |||||o ||| 0|eng d
020 _a9781003294986
020 _a9781003294986
020 _a9781003835530
020 _a9781003835547
020 _a9781032261584
024 7 _a10.4324/9781003294986
_2doi
040 _aoapen
_coapen
_d
041 0 _aeng
042 _adc
720 1 _aCampbell, Stephen J.
_4edt
245 0 0 _aThe Routledge Companion to Global Renaissance Art
260 _aOxford
_bTaylor & Francis
_c2024
300 _a1 online resource (732 p.)
336 _atext
_btxt
_2rdacontent
337 _acomputer
_bc
_2rdamedia
338 _aonline resource
_bcr
_2rdacarrier
490 1 _aRoutledge Art History and Visual Studies Companions
506 0 _fUnrestricted online access
_2star
520 _aThis companion examines the global Renaissance through object-based case studies of artistic production from Africa, Asia, the Americas, and Europe in the early modern period. The international group of contributors take an art historical approach characterized by close analysis of form and meaning as well as function, and a focus on questions of crosscultural dialogue and adaptation. Seeking to de-emphasize the traditional focus on Europe, this book is a critical guide to the literature and the state of the field. Chapters outline new questions and agendas while pushing beyond familiar material. Main themes include workshops, the migrations of artists, objects, technologies, diplomatic gifts, imperial ideologies, ethnicity and indigeneity, sacred spaces and image cults, as well as engaging with the open questions of "the Renaissance" and "the global." This will be a useful and important resource for researchers and students alike and will be of interest to scholars working in art history, visual culture, material culture, and Renaissance studies. The Open Access version of this book, available at www.taylorfrancis.com, has been made available under a Creative Commons [Attribution-Non Commercial-No Derivatives (CC-BY-NC-ND)] 4.0 license
540 _aCreative Commons
_fhttps://creativecommons.org/licenses/by-nc-nd/4.0/
_2cc
_uhttps://creativecommons.org/licenses/by-nc-nd/4.0/
546 _aEnglish
650 7 _aAnthropology
_2bicssc
650 7 _ac 1500 onwards to present day
_2bicssc
650 7 _aColonialism and imperialism
_2bicssc
650 7 _aHistory and Archaeology
_2bicssc
650 7 _aHistory of art
_2bicssc
650 7 _aPaintings and painting
_2bicssc
650 7 _aSculpture
_2bicssc
650 7 _aSociety and culture: general
_2bicssc
650 7 _aThe arts: general topics
_2bicssc
720 1 _aCampbell, Stephen J.
_4oth
720 1 _aPorras, Stephanie
_4edt
720 1 _aPorras, Stephanie
_4oth
793 0 _aDOAB Library.
856 _uhttps://docs.google.com/spreadsheets/d/1yKIrdCPDAG_9c22mwoOIO2DOhtj65Wqa/edit?usp=sharing&ouid=106555315294820607512&rtpof=true&sd=true
_yList of Curated E-Books
942 _cE-BOOK
999 _c81714
_d81713